LEADER 00765nam a2200205 i 4500 001 000000256666 003 CaOOAMICUS 005 20171215000000.0 008 171215s1789 it u000 u ita u 013 $a235574 026 $aA-el 0.c. eada Japr (3) 1789 (R) 040 $aSeMil$bita 245 10$aVol. 2. Part. 1. 300 $a[4], 429, [3] p., [3] carte di tav. ripieg. 500 $aSegn.: pg2 A-3H4 (3H4 bianca). - Ritr. dell'A. sul front. calcogr. 773 0 $tAnnali Bolognesi. Vol. 1. Part. 1. [Vol. 3. Part. 2.].$dBassano : [s.n.], 1784-1795.$g2$w()4548 850 $aSeMil 852 $aSeMil$W1$xVenegono$y1$m3U VI 5 FA$j207012$B207012$CSeMilBibl$Z2$F220427 $8I 961 $aOmaggio: Altro 996 $6245$aVol. 2. Part. 1$9(OLS)http://semarc/title/412388 LEADER 01065nam a2200253 i 4500 001 000000079823 003 CaOOAMICUS 005 20170529000000.0 008 170529s2004 xx u000 u eng u 013 $a52061 020 $a0-86278-749-I 040 $aSeMil$bita 100 1 $aOtto Simms, George.$0(OLS)http://semarc/name/91297 245 10$aSaint Patrick :$bIreland's Patron Saint /$cGeorge Otto Simms ; Drawings David Rooney. 260 $aDublin :$bThe O'brien Press,$c2004. 300 $a96 p., [4] c. di tav. :$bill. ;$c22 cm. 650 4$aPatrizio .$0(OLS)http://semarc/subject/41138 700 1 $aRooney, David.$0(OLS)http://semarc/name/91298 850 $aSeMil 852 $aSeMil$W1$xVenegono$y1$m3H III 364$j45452$B45452$CSeMilBibl$Z2$F47420 $81 961 $aLascito: Coronelli don Renato 996 $6020$a0-86278-749-I$9(OLS)http://semarc/number/270632 996 $6245$aSaint Patrick :$bIreland's Patron Saint$9(OLS)http://semarc/title/403664 996 $6260$aDublin :$bThe O'brien Press$9(OLS)http://semarc/publisher/56462